| 000 | 00487nam a2200205Ia 4500 | ||
|---|---|---|---|
| 003 | 0100 | ||
| 008 | 130227s9999 xx 000 0 und d | ||
| 040 | _cARRUPELIB | ||
| 050 | _aBX1913.K26 2010 | ||
| 100 | _aSweeney, James | ||
| 245 | _aKeeping faith in practice | ||
| 245 | _baspects of Catholic pastoral theology | ||
| 260 | _aLondon | ||
| 260 | _bSCM Press | ||
| 260 | _C2010 | ||
| 300 | _axiv | ||
| 300 | _b 297p. 23cm. | ||
| 650 | _bCommunism - Europe | ||
| 942 |
_2lcc _01 |
||
| 999 |
_c6497 _d6497 |
||